Armas, conflictos, guerras, contra el Tercer Mundo (1945-1985) /

Furkejuvvon:
Bibliográfalaš dieđut
Váldodahkki: Cabrera, M. A
Eará dahkkit: coord
Materiálatiipa: Texto
Almmustuhtton: Madrid: IEPALA editorial
Fáddágilkorat: Lasit fáddágilkoriid
Eai fáddágilkorat, Lasit vuosttaš fáddágilkora!

MARC

LEADER 00000 a a2200000 04500
001 13923
003
040
090 |a 024100  
100 |a Cabrera, M. A  
245 |a Armas, conflictos, guerras, contra el Tercer Mundo (1945-1985) /  |c M. A Cabrera 
260 |a Madrid:   |b IEPALA editorial  
300 |a 111 p.  
700 |a coord  
999 |c 9179  |d 9179